| 000 | 02091nam a22003975a 4500 | ||
|---|---|---|---|
| 999 |
_c8958 _d8958 |
||
| 003 | EG-ScBUE | ||
| 005 | 20200316122950.0 | ||
| 008 | 110310t2006 njua f b 001 0deng d | ||
| 020 | _a0471741876 | ||
| 020 | _a9780471741879 | ||
| 035 | _a(OCoLC)ocm61757016 | ||
| 040 |
_aEG-ScBUE _beng _erda _cEG-ScBUE _dEG-ScBUE |
||
| 082 | 0 | 4 |
_a658.404 _bKER _222 |
| 100 | 1 |
_aKerzner, Harold, _eauthor. _922489 |
|
| 245 | 1 | 0 |
_aProject management : _ba systems approach to planning, scheduling, and controlling / _cHarold Kerzner, Ph.D., division of business administration, Baldwin-Wallace College, Berea, Ohio. |
| 250 | _aNinth edition. | ||
| 264 | 1 |
_aHoboken, New Jersey : _bJohn Wiley & Sons, Inc., _c[2006] |
|
| 264 | 4 | _cc2006 | |
| 300 |
_axxi, 1014 pages : _billustrations (some color) ; _c25 cm |
||
| 336 |
_2rdacontent _atext _btxt |
||
| 337 |
_2rdamedia _aunmediated _bn |
||
| 338 |
_2rdacarrier _avolume _bnc |
||
| 500 | _aIncludes appendix. | ||
| 504 | _aIncludes bibliographical references and index. | ||
| 520 | _aThis Ninth Edition of the industry-leading project management ?bible? applies its streamlined approach to new, authoritative coverage aligned with the Project Management Institute{u2019}s Project Management Body of Knowledge (PMI{u2019}s PMBOK), the new mandatory source of training for the Project Management Professional (PMP) Certification Exam. Written by one of the best-known authorities on the subject, this extraordinary edition gives a profound understanding of project management. | ||
| 650 | 7 |
_aProject management. _2BUEsh _922490 |
|
| 650 | 7 |
_aSmall business _xManagement. _2BUEsh |
|
| 651 | _2BUEsh | ||
| 653 |
_bBUSADM _cMarch2020 |
||
| 655 |
_vReading book _934232 |
||
| 856 | 4 | 1 |
_3Table of contents only _uhttp://www.loc.gov/catdir/toc/ecip061/2005028958.html |
| 856 | 4 | 1 |
_3Publisher description _uhttp://www.loc.gov/catdir/enhancements/fy0645/2005028958-d.html |
| 856 | 4 | 1 |
_3Contributor biographical information _uhttp://www.loc.gov/catdir/enhancements/fy0660/2005028958-b.html |
| 942 |
_cBB _k658.404 KER _2ddc |
||